[Event "European Blitz 2022"]
[Site "Katowice POL"]
[Date "2022.12.16"]
[Round "10.78"]
[White "D'Costa, Lorin"]
[Black "Bazakutsa, Svyatoslav"]
[Result "0-1"]
[WhiteTitle "IM"]
[WhiteElo "2375"]
[BlackElo "2318"]
[WhiteFideId "409219"]
[BlackFideId "14198525"]
[EventDate "2022.12.16"]

1. Nf3 Nf6 2. c4 g6 3. g3 Bg7 4. Bg2 O-O 5. d4 d6 6. Nc3 Nc6 7. O-O e5 8. e3
exd4 9. exd4 d5 10. c5 Ne4 11. Be3 f5 12. Qb3 Ne7 13. Ng5 Kh8 14. Rad1 c6 15. f3
Nxc3 16. Qxc3 h6 17. Nh3 g5 18. Qd2 Ng8 19. Rfe1 Nf6 20. Nf2 b6 21. Nd3 Nd7 22.
Rc1 Ba6 23. Nb4 Bb7 24. Bf2 bxc5 25. dxc5 Ne5 26. b3 a5 27. Nd3 Ng6 28. f4 Ba6
29. Bf1 Bxd3 30. Bxd3 gxf4 31. gxf4 Qc7 32. Bg3 Qf7 33. Kh1 Rae8 34. Bf2 d4 35.
Bc4 Qd7 36. Qxa5 Nxf4 37. Qd2 Nh3 38. Bh4 f4 39. Rxe8 Rxe8 40. Re1 Re3 41. Rf1
Qg4 42. Bf2 Qf3# 0-1

[Event "European Blitz 2022"]
[Site "Katowice POL"]
[Date "2022.12.16"]
[Round "10.79"]
[White "Herega, Nejc"]
[Black "Bartel, Michal"]
[Result "0-1"]
[BlackTitle "FM"]
[WhiteElo "2164"]
[BlackElo "2250"]
[WhiteFideId "14634058"]
[BlackFideId "1119257"]
[EventDate "2022.12.16"]

1. d4 Nf6 2. c4 c5 3. d5 e6 4. Nc3 exd5 5. cxd5 d6 6. e4 g6 7. h3 Bg7 8. Nf3 O-O
9. Bd3 Re8 10. O-O c4 11. Bc2 b5 12. a3 a6 13. Re1 Nbd7 14. Bf4 Qb6 15. Bh2 Bb7
16. Qd2 Nc5 17. Rad1 Rad8 18. Qg5 Nfd7 19. Bf4 Nf6 20. Qh4 a5 21. Bg5 Ncd7 22.
e5 dxe5 23. Ne4 Nxd5 24. Bxd8 Rxd8 25. Re2 f6 26. Red2 Nf8 27. Nc3 Nxc3 28. bxc3
Bxf3 29. Rxd8 Bxd1 30. Rxd1 Qc5 31. Qe4 f5 32. Qd5+ Qxd5 33. Rxd5 e4 34. Rxb5
Bxc3 35. Rc5 Bb2 36. Rxa5 Nd7 37. Ra8+ Kf7 38. Ra7 Ke6 39. a4 Nc5 40. Rxh7 f4
41. Rc7 Kd6 42. Rf7 Ke5 0-1

[Event "European Blitz 2022"]
[Site "Katowice POL"]
[Date "2022.12.16"]
[Round "10.80"]
[White "Jablonicky, Martin"]
[Black "Drozdowski, Konrad"]
[Result "1-0"]
[WhiteTitle "FM"]
[WhiteElo "2388"]
[BlackElo "2104"]
[WhiteFideId "14925621"]
[BlackFideId "1106279"]
[EventDate "2022.12.16"]

1. e4 c5 2. Nf3 e6 3. d4 cxd4 4. Nxd4 a6 5. c4 Nf6 6. Nc3 Qc7 7. a3 Nc6 8. Be3
Be7 9. Be2 O-O 10. Rc1 Nxd4 11. Qxd4 d6 12. O-O Bd7 13. Rfd1 Bc6 14. Nd5 Bxd5
15. cxd5 Qd7 16. dxe6 Qxe6 17. f3 Rac8 18. Qb6 Nd7 19. Qxb7 Rb8 20. Qxa6 Rxb2
21. Bd4 Rbb8 22. Rc7 Ra8 23. Qc4 Qxc4 24. Bxc4 1-0

[Event "European Blitz 2022"]
[Site "Katowice POL"]
[Date "2022.12.16"]
[Round "10.81"]
[White "Baliasnyj, Timur"]
[Black "Haug, Havard"]
[Result "0-1"]
[WhiteElo "2197"]
[BlackElo "2044"]
[WhiteFideId "12802719"]
[BlackFideId "1547887"]
[EventDate "2022.12.16"]

1. Nf3 Nf6 2. c4 g6 3. g3 Bg7 4. Bg2 O-O 5. O-O d6 6. Nc3 c5 7. a3 Bd7 8. b4 Qc8
9. bxc5 dxc5 10. Rb1 Nc6 11. Nd5 e6 12. Nxf6+ Bxf6 13. Bb2 e5 14. d3 Bh3 15. Nd2
b6 16. f4 Nd4 17. Ne4 Bg7 18. fxe5 Bxg2 19. Kxg2 Bxe5 20. e3 Nc6 21. Nf6+ Kg7
22. Qf3 Bxb2 23. Rxb2 Qe6 24. Rbf2 Rad8 25. Nd5 f5 26. Qf4 Qe5 27. Qf3 Qd6 28.
Qe2 Rfe8 29. Qb2+ Qe5 30. Qb5 Rxd5 31. cxd5 Qxd5+ 32. Kg1 Rxe3 33. Rd1 Nd4 34.
Qc4 Qe5 35. Rdf1 b5 36. Qc1 Ne2+ 37. Rxe2 Rxe2 38. Qd1 Qd4+ 39. Kh1 Qd5+ 0-1

[Event "European Blitz 2022"]
[Site "Katowice POL"]
[Date "2022.12.16"]
[Round "10.83"]
[White "Paprocki, Jaroslaw"]
[Black "Hesse, Henrik"]
[Result "1-0"]
[WhiteElo "2158"]
[BlackElo "2160"]
[WhiteFideId "1122274"]
[BlackFideId "12952060"]
[EventDate "2022.12.16"]

1. d4 Nf6 2. c4 c5 3. d5 b5 4. cxb5 a6 5. bxa6 e6 6. Nc3 exd5 7. Nxd5 Be7 8. Nf3
Bxa6 9. Bf4 Nxd5 10. Qxd5 Nc6 11. e4 Nb4 12. Qd2 Bxf1 13. Kxf1 O-O 14. g3 c4 15.
Ne5 d5 16. exd5 Bf6 17. Nxc4 Nxd5 18. Bd6 Ne7 19. Re1 Re8 20. Bxe7 Qxd2 21. Nxd2
Bxe7 22. a3 Red8 23. Nc4 Bf6 24. Re4 g6 25. Kg2 Rab8 26. Rhe1 Bxb2 27. Rb1 Bc3
28. Rb6 Kg7 29. a4 Rdc8 30. Rxb8 Rxb8 31. Re3 Bd4 32. Ra3 Rb4 33. Ne3 Rb2 34.
Kf3 Rb4 35. a5 Rb5 36. a6 Ba7 37. Nc4 Kf6 38. Ke2 Ke6 39. f4 Kd5 40. Kd3 Kc5 41.
Ra5 f6 42. Rxb5+ Kxb5 43. Nd6+ Kxa6 44. Ne8 f5 45. Nf6 Kb5 46. Nxh7 Bc5 47. Nf6
Kc6 48. Kc4 Bd6 49. Nd5 Kd7 50. Nb4 Ke6 51. Nd3 Bc7 52. h3 Bb6 53. Nc5+ Kd6 54.
Nd3 Ke6 55. Ne5 Bd8 56. Nxg6 Kf6 57. Ne5 Bc7 58. Nf3 Bb6 59. Nh2 Bf2 60. Nf1 Be1
61. Kd3 Ke6 62. Ke2 Bc3 63. Kf3 Kf6 64. Ne3 Bd4 65. Nc4 Kg6 66. Ne5+ Kf6 67. Nc4
Bc5 68. g4 fxg4+ 69. hxg4 Bd4 70. Ke4 Bc3 71. g5+ Kg6 72. Ne5+ Kh5 73. Kf5 Bb4
74. Nd7 Be7 75. g6 Kh6 76. Nf6 Ba3 77. Nh5 Bb2 78. g7 Kh7 79. Ke6 Bxg7 80. Nxg7
Kxg7 81. f5 Kf8 82. Kf6 Ke8 83. Kg7 1-0

[Event "European Blitz 2022"]
[Site "Katowice POL"]
[Date "2022.12.16"]
[Round "10.84"]
[White "Karas, Marek"]
[Black "Zhuk, Ivan"]
[Result "1-0"]
[WhiteTitle "FM"]
[WhiteElo "2240"]
[BlackElo "2035"]
[WhiteFideId "14928558"]
[BlackFideId "13508342"]
[EventDate "2022.12.16"]

1. e4 e6 2. d4 d5 3. Bd3 dxe4 4. Bxe4 Nf6 5. Bf3 Bd6 6. Ne2 O-O 7. Nbc3 c5 8.
Be3 Nc6 9. dxc5 Bc7 10. Qxd8 Rxd8 11. Nb5 Bb8 12. Bxc6 bxc6 13. Nbd4 Bb7 14.
O-O-O Bc7 15. Nf3 Nd5 16. Bg5 f6 17. Bd2 Kf7 18. c4 Ne7 19. Bc3 a5 20. b3 a4 21.
Kb2 axb3 22. axb3 g5 23. Ng3 Kg6 24. Ne4 Nf5 25. Bxf6 Rxd1 26. Rxd1 g4 27. Ne5+
Bxe5+ 28. Bxe5 Nh4 29. Rd7 Kf5 30. Bg3 1-0

[Event "European Blitz 2022"]
[Site "Katowice POL"]
[Date "2022.12.16"]
[Round "10.85"]
[White "Cieslak, Patryk"]
[Black "Trushko, Andrii"]
[Result "0-1"]
[WhiteElo "2094"]
[BlackElo "2006"]
[WhiteFideId "21078882"]
[BlackFideId "14172887"]
[EventDate "2022.12.16"]

1. e4 c6 2. d4 d5 3. e5 c5 4. dxc5 e6 5. a3 a5 6. Be3 Nd7 7. Nf3 Bxc5 8. Bxc5
Nxc5 9. Qd4 Qc7 10. Nc3 Bd7 11. Bb5 b6 12. O-O Ne7 13. Bxd7+ Qxd7 14. b4 Nf5 15.
Qf4 Na4 16. Nxa4 Qxa4 17. c4 dxc4 18. Qxc4 O-O 19. Qc3 Rfc8 20. Qd2 h6 21. h3
axb4 22. Qxb4 Qxb4 23. axb4 Rxa1 24. Rxa1 Rc4 25. g4 Nd4 26. Nd2 Rxb4 27. Kg2
Ne2 28. Kf3 Nf4 29. Ne4 Ng6 30. Nd6 Nxe5+ 31. Kg3 Rd4 32. Ra8+ Kh7 33. Nb5 Rd5
34. Nc7 Rc5 35. Ne8 Rc6 36. Ra7 g5 37. Nf6+ Kg6 38. Ne4 Nd3 39. Ra8 f5 40. gxf5+
exf5 41. Nd2 Nf4 42. Nf3 Rc3 43. Rb8 Rb3 44. h4 g4 45. Kxf4 Rxf3+ 46. Ke5 Rxf2
47. Rxb6+ Kh5 48. Rf6 g3 49. Rf8 g2 50. Rg8 Kxh4 51. Kd4 f4 52. Ke4 h5 53. Kd3
Kh3 54. Rg5 h4 55. Ke4 f3 56. Ke3 Rf1 57. Kd2 g1=Q 0-1

[Event "European Blitz 2022"]
[Site "Katowice POL"]
[Date "2022.12.16"]
[Round "10.86"]
[White "Adamczewski, Jedrzej"]
[Black "Chyzy, Jakub"]
[Result "1-0"]
[BlackTitle "FM"]
[WhiteElo "1938"]
[BlackElo "2247"]
[WhiteFideId "1135414"]
[BlackFideId "21806209"]
[EventDate "2022.12.16"]

1. e4 Nf6 2. e5 Nd5 3. Nc3 Nxc3 4. dxc3 d6 5. Bc4 e6 6. Nf3 Nc6 7. Bg5 Be7 8.
Bxe7 Qxe7 9. Qe2 d5 10. Bb5 Bd7 11. O-O-O O-O-O 12. Kb1 Kb8 13. h4 Na5 14. Bd3
c5 15. Qe3 Rc8 16. h5 h6 17. Rh3 Rhd8 18. Rg3 Qf8 19. Qf4 c4 20. Bf1 Rc6 21. Nd4
Rb6 22. b4 cxb3 23. axb3 Qa3 24. Qc1 Qf8 25. Ka2 Rc8 26. Qa3 Rc5 27. Rxg7 Nc4
28. Bxc4 dxc4 29. Rxf7 Qc8 30. Rxd7 Ra6 31. Qxa6 bxa6 32. Nxe6 cxb3+ 33. cxb3
Ra5+ 34. Kb2 Ra2+ 35. Kxa2 Qxc3 36. Rc7 Qa5+ 37. Kb1 Qxc7 38. Nxc7 1-0

[Event "European Blitz 2022"]
[Site "Katowice POL"]
[Date "2022.12.16"]
[Round "10.88"]
[White "Dehtiarov, Roman"]
[Black "Parol, Pola"]
[Result "1-0"]
[WhiteTitle "FM"]
[BlackTitle "WFM"]
[WhiteElo "2300"]
[BlackElo "2041"]
[WhiteFideId "14186640"]
[BlackFideId "1163116"]
[EventDate "2022.12.16"]

1. c4 Nf6 2. Nc3 e6 3. e4 d5 4. cxd5 exd5 5. e5 d4 6. exf6 dxc3 7. Bb5+ c6 8.
Qe2+ Be6 9. Bc4 Qxf6 10. dxc3 Bc5 11. Bxe6 fxe6 12. Nf3 O-O 13. O-O Nd7 14. Be3
Rae8 15. Rad1 Bxe3 16. Rxd7 Bb6 17. Rxb7 e5 18. Nd2 Qd8 19. Nc4 Bc5 20. b4 Qc8
21. bxc5 Qxb7 22. Nd6 Qe7 23. Nxe8 Rxe8 24. Qe3 Qe6 25. Qd2 Rf8 26. h3 Qc4 27.
Qd6 Qxc3 28. Qxc6 Qc4 29. a4 1-0

[Event "European Blitz 2022"]
[Site "Katowice POL"]
[Date "2022.12.16"]
[Round "10.89"]
[White "Lapaj, Mateusz"]
[Black "Radzimski, Antoni"]
[Result "1-0"]
[WhiteElo "2223"]
[BlackElo "1734"]
[WhiteFideId "1170805"]
[BlackFideId "21052476"]
[EventDate "2022.12.16"]

1. e4 e5 2. Nf3 Nf6 3. Nxe5 d6 4. Nf3 Nxe4 5. Nc3 Nxc3 6. dxc3 Be7 7. Be3 O-O 8.
Qd2 Nd7 9. O-O-O Nf6 10. Bd3 Be6 11. Kb1 c5 12. c4 b5 13. cxb5 c4 14. Be2 d5 15.
Bd4 Ne4 16. Qe1 Nd6 17. Bc5 Nxb5 18. Bxe7 Qxe7 19. Nd4 Nxd4 20. Rxd4 Rab8 21.
Qc3 Rb6 22. Bf3 Rfb8 23. b3 cxb3 24. axb3 Qa3 25. Bd1 Bf5 26. Rd3 Bxd3 27. Qxd3
Ra6 28. Qc3 Qa2+ 29. Kc1 Qa1+ 30. Qxa1 Rxa1+ 31. Kb2 Ra6 32. Bf3 Rd6 33. Rd1
Rbd8 34. Rd4 Kf8 35. Ra4 R8d7 36. Rb4 Ke7 37. Rh4 h6 38. Rg4 Kf6 39. Rf4+ Ke5
40. Rg4 g5 41. h4 f5 42. Ra4 g4 43. Be2 h5 44. g3 Rc7 45. Bd3 d4 46. Ra5+ Rd5
47. Ra6 Rh7 48. Kc1 Rh8 49. Kd2 f4 50. Rg6 fxg3 51. fxg3 Rd6 52. Rg7 Rf6 53.
Rxa7 Rf2+ 54. Kc1 Rg2 55. Ra5+ Kd6 56. Ra4 Kc5 57. Ra5+ Kd6 58. Ra4 Ke5 59. Ra5+
Kf6 60. Ra4 Rd8 61. Ra6+ Kg7 62. Ra7+ Kf8 63. Rh7 Rd5 64. Bc4 Re5 65. Rh8+ Kg7
66. Rd8 Rxg3 67. Rxd4 Rh3 68. Rd7+ Kf6 69. Rf7+ Kg6 70. Rf8 Rxh4 71. b4 g3 72.
Bd3+ Kg5 73. b5 Rb4 74. Kd2 Kh4 75. Kc3 Rb1 76. Kd4 Rexb5 77. c4 Ra5 78. Bxb1
Rg5 79. Be4 g2 80. Bxg2 Rxg2 81. c5 Kg3 82. Kd5 h4 83. c6 Rc2 84. Kd6 h3 85. c7
Kg2 86. Rg8+ Kf1 87. Rh8 h2 88. Rxh2 Rxh2 89. c8=Q Rf2 90. Ke5 Ke2 91. Ke4 Kd2
92. Qc4 Re2+ 93. Kd4 Re3 94. Qa2+ 1-0

[Event "European Blitz 2022"]
[Site "Katowice POL"]
[Date "2022.12.16"]
[Round "10.90"]
[White "Czernek, Tymon"]
[Black "Grobelny, Mikolaj"]
[Result "1-0"]
[WhiteTitle "FM"]
[WhiteElo "2302"]
[BlackElo "1503"]
[WhiteFideId "1199510"]
[BlackFideId "21892601"]
[EventDate "2022.12.16"]

1. e4 c5 2. Nf3 e6 3. d4 cxd4 4. Nxd4 Nf6 5. Nc3 Nc6 6. a3 Qc7 7. Be3 a6 8. Be2
Be7 9. O-O O-O 10. f4 d5 11. exd5 Nxd5 12. Nxd5 exd5 13. Bf3 Rd8 14. c3 Nxd4 15.
Bxd4 Qxf4 16. Bxd5 Qd6 17. Bxf7+ Kh8 18. Kh1 Bd7 19. Qh5 Bf6 20. Rxf6 gxf6 21.
Qh6 1-0

[Event "European Blitz 2022"]
[Site "Katowice POL"]
[Date "2022.12.16"]
[Round "10.91"]
[White "Karvatskyi, Oleksii"]
[Black "Balint, Vilmos"]
[Result "1-0"]
[BlackTitle "FM"]
[WhiteElo "1995"]
[BlackElo "2242"]
[WhiteFideId "14191059"]
[BlackFideId "718050"]
[EventDate "2022.12.16"]

1. d4 f5 2. Nc3 d5 3. Bf4 Nf6 4. e3 e6 5. Nf3 a6 6. Be2 Bd6 7. Ne5 Bxe5 8. dxe5
Nfd7 9. g4 O-O 10. gxf5 Rxf5 11. Bg4 Rxe5 12. Bxe5 Nxe5 13. Rg1 c5 14. Qe2 Nbc6
15. O-O-O Bd7 16. f4 Nc4 17. f5 d4 18. Qxc4 dxc3 19. fxe6 cxb2+ 20. Kb1 Ne5 21.
Qd5 1-0

[Event "European Blitz 2022"]
[Site "Katowice POL"]
[Date "2022.12.16"]
[Round "10.92"]
[White "Duda, Leon"]
[Black "Aymerich Verdaguer, Eduard"]
[Result "1/2-1/2"]
[BlackTitle "CM"]
[WhiteElo "1546"]
[BlackElo "2208"]
[WhiteFideId "21852790"]
[BlackFideId "32049293"]
[EventDate "2022.12.16"]

1. e4 c5 2. Nf3 e6 3. d4 cxd4 4. Nxd4 Nc6 5. Nc3 Qc7 6. Be2 a6 7. Be3 Nf6 8. O-O
Be7 9. Kh1 O-O 10. f4 d6 11. Bf3 Nxd4 12. Bxd4 e5 13. Be3 b5 14. Nd5 Nxd5 15.
exd5 exf4 16. Bxf4 Bf6 17. c3 b4 18. cxb4 Bxb2 19. Rb1 Bf6 20. Qd3 g6 21. Rbc1
Qd8 22. Rc6 Bf5 23. Qa3 Be5 24. Bxe5 dxe5 25. Rxa6 Rxa6 26. Qxa6 e4 27. Be2 Qxd5
28. Bc4 Qd2 29. b5 e3 30. b6 Be4 31. Rg1 Qd7 32. a4 Ra8 33. Qb5 Bc6 34. Qb3 Rxa4
35. Rf1 Qg4 36. Bxf7+ Kg7 37. Qc3+ Kh6 38. Qxe3+ g5 39. Qe6+ Qxe6 40. Bxe6 Rb4
41. Bg4 Rxb6 42. h3 Kg7 43. Bf3 Bxf3 44. Rxf3 Kg6 45. Kh2 h5 46. Ra3 Rb2 47.
Ra6+ Kf5 48. Ra5+ 1/2-1/2

[Event "European Blitz 2022"]
[Site "Katowice POL"]
[Date "2022.12.16"]
[Round "10.93"]
[White "Gretarsson, Helgi Ass"]
[Black "Dubnevych, Maksym"]
[Result "1-0"]
[WhiteTitle "GM"]
[WhiteElo "2451"]
[BlackElo "2139"]
[WhiteFideId "2300699"]
[BlackFideId "14184001"]
[EventDate "2022.12.16"]

1. d4 d5 2. c4 e6 3. Nc3 Nf6 4. Bf4 Be7 5. e3 O-O 6. Qc2 c6 7. h3 b6 8. Nf3 Bb7
9. Rd1 Na6 10. a3 Rc8 11. Qa4 dxc4 12. Qxc4 Nc7 13. e4 Nb5 14. Bd3 Nxc3 15. bxc3
c5 16. d5 exd5 17. exd5 Bd6 18. O-O Bxd5 19. Qa4 Bxf4 20. Qxf4 Qc7 21. Ne5 Rfe8
22. Rfe1 Re7 23. Re3 Rce8 24. Rde1 Be6 25. Qh4 h6 26. Bb5 Rf8 27. Rg3 Bg4 28. f4
Bh5 29. Qxf6 Bg6 30. Rxg6 1-0

[Event "European Blitz 2022"]
[Site "Katowice POL"]
[Date "2022.12.16"]
[Round "10.94"]
[White "Krainski, Aleksander"]
[Black "Asllani, Muhamet"]
[Result "0-1"]
[WhiteTitle "FM"]
[WhiteElo "2046"]
[BlackElo "2228"]
[WhiteFideId "1102400"]
[BlackFideId "22100300"]
[EventDate "2022.12.16"]

1. d4 Nf6 2. Nf3 e6 3. e3 d5 4. Be2 c5 5. O-O Nc6 6. c4 a6 7. dxc5 Bxc5 8. Nc3
O-O 9. cxd5 exd5 10. b3 Re8 11. Bb2 Bg4 12. Rc1 Ba7 13. h3 Bh5 14. Na4 Ne4 15.
Bd4 Nxd4 16. Nxd4 Bxe2 17. Nxe2 Qg5 18. Nd4 Rac8 19. Qg4 Qxg4 20. hxg4 b5 21.
Nb2 Bc5 22. Nf5 g6 23. b4 Bxb4 24. Nd3 Rxc1 25. Rxc1 Ba3 0-1

[Event "European Blitz 2022"]
[Site "Katowice POL"]
[Date "2022.12.16"]
[Round "10.95"]
[White "Rozman, Monika"]
[Black "Uruci, Endrit"]
[Result "0-1"]
[WhiteTitle "WFM"]
[BlackTitle "FM"]
[WhiteElo "2125"]
[BlackElo "2297"]
[WhiteFideId "14609118"]
[BlackFideId "22100199"]
[EventDate "2022.12.16"]

1. e4 c6 2. d4 d5 3. Nc3 dxe4 4. Nxe4 Nf6 5. Nxf6+ exf6 6. c3 Bd6 7. Bd3 O-O 8.
Qc2 Re8+ 9. Ne2 g6 10. O-O Nd7 11. Be3 f5 12. c4 Nf8 13. Rfd1 Bd7 14. g3 Rc8 15.
Qd2 Ne6 16. d5 Nc5 17. Bc2 cxd5 18. cxd5 Ne4 0-1

[Event "European Blitz 2022"]
[Site "Katowice POL"]
[Date "2022.12.16"]
[Round "10.96"]
[White "Karolczuk, Iwo"]
[Black "Sliwicki, Damian"]
[Result "1-0"]
[WhiteTitle "FM"]
[BlackTitle "CM"]
[WhiteElo "2327"]
[BlackElo "2158"]
[WhiteFideId "21816972"]
[BlackFideId "1127128"]
[EventDate "2022.12.16"]

1. e4 c5 2. Nc3 g6 3. d4 cxd4 4. Qxd4 Nf6 5. Be3 Nc6 6. Qd2 Bg7 7. f3 O-O 8.
Nge2 d6 9. O-O-O Be6 10. Nf4 Qa5 11. Nxe6 fxe6 12. Bc4 1-0

[Event "European Blitz 2022"]
[Site "Katowice POL"]
[Date "2022.12.16"]
[Round "10.97"]
[White "Gunnarsson, Arnar"]
[Black "Ribeiro, Gustavo"]
[Result "0-1"]
[WhiteTitle "IM"]
[WhiteElo "2406"]
[BlackElo "1836"]
[WhiteFideId "2300915"]
[BlackFideId "1941852"]
[EventDate "2022.12.16"]

1. c4 g6 2. Nc3 Bg7 3. h4 Nf6 4. d4 d6 5. Nh3 O-O 6. Nf4 e5 7. dxe5 dxe5 8. Qxd8
Rxd8 9. Nfd5 Nxd5 10. Nxd5 Na6 11. Bg5 Rd7 12. a3 Nc5 13. Nf6+ 0-1

[Event "European Blitz 2022"]
[Site "Katowice POL"]
[Date "2022.12.16"]
[Round "11.1"]
[White "Piorun, Kacper"]
[Black "Kazakouski, Valery"]
[Result "1/2-1/2"]
[WhiteTitle "GM"]
[BlackTitle "GM"]
[WhiteElo "2611"]
[BlackElo "2539"]
[WhiteFideId "1130420"]
[BlackFideId "13507443"]
[EventDate "2022.12.16"]

1. d4 Nf6 2. Bg5 e6 3. e4 h6 4. Bxf6 Qxf6 5. c3 d6 6. Bd3 Qg6 7. Qf3 e5 8. Ne2
Be7 9. h3 O-O 10. O-O Nc6 11. Na3 Qf6 12. Qe3 d5 13. exd5 Bxa3 14. dxc6 Bd6 15.
Qe4 Qg6 16. dxe5 Bxe5 17. Qxe5 Qxd3 18. Nf4 Qa6 19. Nh5 f6 20. Qxc7 Rf7 21. Qd8+
Kh7 22. Rfe1 Qxc6 23. Re8 Qd7 24. Rh8+ Kg6 25. Nf4+ Kf5 26. Nd5 Qxd8 27. Rxd8
Rd7 28. Ne3+ Kg6 29. Rxd7 Bxd7 30. Rd1 Be6 31. c4 b5 32. cxb5 Bxa2 33. Ra1 Bf7
34. b6 a6 35. b4 Rb8 36. Rxa6 Be6 37. b7 Kf7 38. Rb6 Ke7 39. f4 Kd7 40. Kf2 h5
41. Kf3 Bf7 42. Nf5 Bd5+ 43. Kf2 Kc7 44. Rb5 Bxb7 45. Nxg7 Rg8 46. Ne6+ Kc8 47.
g3 Re8 48. Nc5 Bc6 49. Rb6 Kc7 50. Ra6 Rb8 51. Ra7+ Kd6 52. Nd3 Be4 53. Ra6+ Ke7
54. Nc5 Bd5 55. Ra7+ Kd6 56. Ra6+ Ke7 57. Ra4 Bc6 58. Ra7+ Kd6 59. Na6 Rb6 60.
g4 hxg4 61. hxg4 Bb7 62. Nc5 Bc6 63. Nd3 Be4 64. Ra3 Ke7 65. Ke3 Bxd3 66. Ra7+
Ke6 67. Kxd3 Rxb4 68. Ke3 Rb3+ 69. Ke4 Rb4+ 70. Kf3 Rb3+ 71. Kf2 Rc3 72. Ra6+
Kf7 73. Ra4 Kg6 74. Rb4 Ra3 75. Re4 Ra2+ 76. Kf3 Ra1 77. Re3 Ra2 78. Kg3 Ra1 79.
Re8 Rg1+ 80. Kh3 Rf1 81. f5+ Kf7 82. Ra8 Rh1+ 83. Kg3 Rb1 84. Ra7+ Kg8 85. Ra4
Kg7 86. Kf4 Kh6 87. Ra8 Rf1+ 88. Ke4 Kg7 89. Ra7+ Kg8 90. Kd5 Re1 91. Ra4 Kf7
92. Ra7+ Kf8 93. Kd6 Re4 94. Ra6 Kf7 95. Ra7+ Kf8 96. Rb7 Kg8 97. Kd5 Re5+ 98.
Kd4 Re1 99. Rc7 Kf8 100. Kd5 Re5+ 101. Kd6 Re1 102. Kd7 Re4 103. Kd6 Re1 104.
Rc8+ Kf7 105. Rh8 Re4 106. Rh7+ Kf8 107. Kd7 Re1 108. Rh8+ Kf7 109. Ra8 Rd1+
110. Kc6 Rd4 111. Ra7+ Kf8 112. Kc5 Rxg4 113. Kd5 Rb4 114. Rd7 Ke8 115. Rc7 Rb5+
116. Ke6 Rb6+ 117. Kd5 Kf8 118. Rc6 Rb7 119. Ke6 Kg7 120. Rd6 Rb1 121. Rd7+ Kf8
122. Rd8+ Kg7 123. Rd7+ Kf8 124. Kxf6 Rb6+ 125. Kg5 Ra6 126. Rd8+ Kf7 127. Rd7+
Kf8 128. Rd8+ Kf7 1/2-1/2

[Event "European Blitz 2022"]
[Site "Katowice POL"]
[Date "2022.12.16"]
[Round "11.2"]
[White "Donchenko, Alexander"]
[Black "Deac, Bogdan-Daniel"]
[Result "0-1"]
[WhiteTitle "GM"]
[BlackTitle "GM"]
[WhiteElo "2636"]
[BlackElo "2700"]
[WhiteFideId "24603295"]
[BlackFideId "1226380"]
[EventDate "2022.12.16"]

1. c4 Nf6 2. Nc3 e5 3. Nf3 Nc6 4. e3 h6 5. a3 d6 6. d4 g6 7. Be2 Bg7 8. dxe5
Nxe5 9. Nxe5 dxe5 10. Qxd8+ Kxd8 11. b4 Be6 12. Bb2 c6 13. O-O-O+ Ke7 14. h3 h5
15. Rd2 Rhd8 16. Rxd8 Rxd8 17. Rd1 Ra8 18. a4 a5 19. b5 Rc8 20. Kb1 Ke8 21. Rc1
Bf8 22. Bd3 Be7 23. Ne4 Nd7 24. Bc3 f5 25. Nd2 b6 26. f4 e4 27. Bc2 Ba3 28. Rd1
cxb5 29. axb5 Bxc4 30. Nxc4 Rxc4 31. Bg7 Bc5 32. Re1 a4 33. g4 hxg4 34. hxg4
Rb4+ 35. Kc1 a3 36. gxf5 gxf5 37. Kd2 Rxb5 38. Rh1 a2 39. Ra1 Ra5 40. Bb3 Ra3
41. Bxa2 Bxe3+ 42. Ke2 Bc5 43. Be6 Re3+ 44. Kd2 Rd3+ 45. Kc2 Rd6 46. Bxf5 e3 47.
Bd3 Bd4 48. Ra8+ Ke7 49. Bxd4 Rxd4 50. Kc3 Rxf4 51. Bb5 Re4 52. Ra7 e2 53. Rxd7+
Ke6 54. Bxe2 Kxd7 0-1

[Event "European Blitz 2022"]
[Site "Katowice POL"]
[Date "2022.12.16"]
[Round "11.3"]
[White "Alonso Rosell, Alvar"]
[Black "Santos Latasa, Jaime"]
[Result "1-0"]
[WhiteTitle "GM"]
[BlackTitle "GM"]
[WhiteElo "2561"]
[BlackElo "2668"]
[WhiteFideId "2270544"]
[BlackFideId "2293307"]
[EventDate "2022.12.16"]

1. d4 Nf6 2. c4 e6 3. Nf3 d5 4. g3 Bb4+ 5. Nc3 O-O 6. Bg2 dxc4 7. O-O Nc6 8. a3
Be7 9. e4 a6 10. Be3 Rb8 11. Qc2 Ng4 12. Rad1 Nxe3 13. fxe3 Na5 14. e5 Qe8 15.
Ne4 h6 16. Nh4 Bd7 17. Nf6+ gxf6 18. exf6 Bd6 19. Qe2 e5 20. Nf5 Bxf5 21. Rxf5
Kh7 22. Be4 Rg8 23. Rxe5+ Kh8 24. Rxe8 Rbxe8 25. Qh5 Bf8 26. Bb1 Nc6 27. Qxf7 1-0

[Event "European Blitz 2022"]
[Site "Katowice POL"]
[Date "2022.12.16"]
[Round "11.5"]
[White "Pultinevicius, Paulius"]
[Black "Moroni, Luca Jr"]
[Result "1/2-1/2"]
[WhiteTitle "GM"]
[BlackTitle "GM"]
[WhiteElo "2561"]
[BlackElo "2576"]
[WhiteFideId "12809390"]
[BlackFideId "865834"]
[EventDate "2022.12.16"]

1. d4 d6 2. Nf3 g6 3. e4 Bg7 4. Bc4 Nf6 5. Qe2 O-O 6. O-O c6 7. Nbd2 Bg4 8. h3
Bxf3 9. Nxf3 Nxe4 10. Bxf7+ Rxf7 11. Qxe4 d5 12. Qe2 h6 13. Re1 Qd6 14. Ne5 Rf5
15. Qg4 Kh7 16. Bf4 Nd7 17. Nd3 Qf6 18. c3 h5 19. Qg3 Rf8 20. Be5 Nxe5 21. Rxe5
Rxe5 22. Nxe5 Qf5 23. Re1 Bf6 24. Nd3 b6 25. Qe3 Rc8 26. a4 Kg8 27. a5 bxa5 28.
Ra1 Rc7 29. Rxa5 Kh7 30. Ra6 Qc8 31. Nc5 Qf5 32. b4 e5 33. dxe5 Qxe5 34. Qxe5
Bxe5 35. Na4 d4 36. cxd4 Bxd4 37. Kf1 Rb7 38. Rxc6 Rxb4 39. Nc3 a5 40. Ke2 a4
41. Kd3 Bg7 42. Kc2 a3 43. Rc7 Rb2+ 44. Kc1 Kh6 45. g4 hxg4 46. hxg4 Rxf2 47.
g5+ Kh5 48. Rxg7 Rf3 49. Ne4 Re3 50. Re7 Kh4 51. Kc2 a2 52. Kb2 Re2+ 53. Ka1 Rc2
54. Re6 Re2 55. Re5 Rc2 56. Nd6 Rg2 57. Nf7 Rf2 58. Re7 Kg4 59. Ra7 Kh5 60. Nd6
Rf1+ 61. Kxa2 Kxg5 62. Kb2 Rd1 63. Ne4+ Kf5 64. Nc3 Rd8 65. Kb3 g5 66. Rf7+ Kg6
67. Rf1 g4 68. Kc4 Kg5 69. Nd5 g3 70. Kd4 Kg4 71. Ke4 Re8+ 72. Kd3 Rd8 73. Ke4
Re8+ 74. Kd3 Rd8 75. Ke4 1/2-1/2